000 00613nam a2200229Ia 4500
003 OSt
005 20221007072327.0
006 a|||||r|||| 00| 0
007 ta
008 221006b |||||||| |||| 00| 0 eng d
024 _a13,129
037 _cTextual
040 _aFLL
_cFLL
_beng
041 _2eng
_aeng
082 _aV671:8-19.N5, K0
100 _aLauterpacht E. Au.
_9688670
245 0 _aSuez canal settlement
260 _aLondon
_bStevens & Sons London
_c1960
300 _a82p
_ccm.
942 _hV671:8-19.N5, K0
_cTEXL
_2CC
999 _c1145755
_d1145755